• 首页
  • 本馆介绍
  • 公告通知
  • 最新文献
  • 馆藏检索
  • 电子资源
  • 读者导购
  • 参考咨询
  • 我的图书馆
  • 登录
  • 详细信息显示
  • 放入我的书架
  • 预约/预借图书
  • 作者相关作品
  • 分类相关作品
  • 丛书相关作品
  • 出版社相关作品

书目信息

  • 表格格式
  • 工作单格式
  • 卡片格式
题名:
简易测量在小型水利工程中的应用
    
 
作者: 李健 编
分册:  
出版信息: 合肥   安徽人民出版社  1959
页数: 44页
开本: 19cm
丛书名: 农田水利技术丛书
单 册:
中图分类: TV221
科图分类:
主题词: 水利工程--工程测量
电子资源:
ISBN: 15102.55
000 00785cam2 2200265 450
001 0105461376
005 20080104102051.0
010    @a15102.55@dCNY0.15
091    @a15102.55@dCNY0.15
100    @ae9960509d1959 em y0chiy0110 ea
101 0  @achi
102    @aCN@b340000
105    @af z 000yy
106    @ar
200 1  @a简易测量在小型水利工程中的应用@9Jian Yi Ce Liang Zai Xiao Xing Shui Li Gong Cheng Zhong De;Di Ying Yong @f李健编@b专著
210    @a合肥@c安徽人民出版社@d1959
215    @a44页@c图表@d19cm
225 2  @a农田水利技术丛书
410  0 @12001 @a农田水利技术丛书
606 0  @a水利工程@x工程测量
690    @aTV221@v3
701  0 @a李健@9li jian@4编
801  0 @aCN@b上海图书馆@c19970403
801  2 @aCN@bAiZhiMarc
905    @aBZT@dTV221@e1@f1@sTV221/1
    
    简易测量在小型水利工程中的应用/李健编.-合肥:安徽人民出版社,1959
    44页:图表;19cm.-(农田水利技术丛书)
    
    
    ISBN 15102.55:CNY0.15
    
●
相关链接 在五车中查询图书 在当当中查询图书 在豆瓣中查询图书


正题名:简易测量在小型水利工程中的应用     索取号:TV221/1         预约/预借

序号 登录号 条形码 馆藏地/架位号 状态 备注
1 2000109100   2000109100   旧书回溯/ [索取号:TV221/1] 在馆    
山东省滨州职业学院图书馆 欢迎您!
大连网信软件有限公司© 版权所有